Sebastian o El dominio de las pasiones / (Record no. 58633)

MARC details
000 -LEADER
campo de control de longitud fija 00807nam a2200265 i 4500
001 - NÚMERO DE CONTROL
campo de control 58633
003 - IDENTIFICADOR DE NÚMERO DE CONTROL
campo de control ES-MaACL
005 - FECHA Y HORA DE LA ÚLTIMA TRANSACCIÓN
campo de control 20260424183902.0
007 - CAMPO FIJO DE DESCRIPCIÓN FÍSICA--INFORMACIÓN GENERAL
campo de control de longitud fija t|
008 - DATOS DE LONGITUD FIJA--INFORMACIÓN GENERAL
campo de control de longitud fija 031023s1985 sp |||| | spa d
020 ## - NÚMERO INTERNACIONAL ESTÁNDAR DEL LIBRO
Número Internacional Estándar del Libro 84-86311-17-9
100 1# - ENTRADA PRINCIPAL--NOMBRE DE PERSONA
Nombre de persona Durrell, Lawrence,
Fechas asociadas al nombre 1912-1990
9 (RLIN) 46321
245 10 - MENCIÓN DEL TÍTULO
Título Sebastian o El dominio de las pasiones /
Mención de responsabilidad, etc. Lawrence Durrell ; traducción de Marcelo Cohen.
250 ## - MENCION DE EDICION
Mención de edición 1ª ed.
260 ## - PUBLICACIÓN, DISTRIBUCIÓN, ETC.
Lugar de publicación, distribución, etc. Barcelona :
Nombre del editor, distribuidor, etc. Versal,
Fecha de publicación, distribución, etc. 1985.
300 ## - DESCRIPCIÓN FÍSICA
Extensión 206 p. ;
Dimensiones 22 cm.
490 1# - MENCIÓN DE SERIE
Mención de serie El quinteto de Avignon
490 1# - MENCIÓN DE SERIE
Mención de serie Biblioteca del corondel
700 1# - ENTRADA AGREGADA--NOMBRE PERSONAL
Nombre de persona Cohen, Marcelo.
9 (RLIN) 39506
740 32 - ENTRADA AGREGADA--TÍTULO RELACIONADO/ANALÍTICO NO CONTROLADO
Título relacionado o analítico no controlado El dominio de las pasiones.
830 0# - PUNTO DE ACCESO ADICIONAL DE SERIE-TÍTULO UNIFORME
Título uniforme El quinteto de Avignon
9 (RLIN) 230481
830 0# - PUNTO DE ACCESO ADICIONAL DE SERIE-TÍTULO UNIFORME
Título uniforme Biblioteca del corondel
9 (RLIN) 178070
852 ## - LOCALIZACIÓN
Ubicación ES-MaACL
Número de control de estantería L-10048
Holdings
Estatus retirado Estado de pérdida Estado de daño No para préstamo Biblioteca de origen Biblioteca actual Ubicación en estantería Fecha de adquisición Fuente de adquisición Total de préstamos Signatura topográfica completa Código de barras Visto por última vez Precio de reemplazo Tipo de ítem Koha
        Biblioteca del Ateneo de Madrid Biblioteca del Ateneo de Madrid Depósito 2 17/01/2008     L-10048 1061514 23/02/2023 23/02/2023 Libro impreso